<?xml version="1.0" encoding="UTF-8"?>
<record
    xmlns:xsi="http://www.w3.org/2001/XMLSchema-instance"
    xsi:schemaLocation="http://www.loc.gov/MARC21/slim http://www.loc.gov/standards/marcxml/schema/MARC21slim.xsd"
    xmlns="http://www.loc.gov/MARC21/slim">

  <leader>00841nam a22002537a 4500</leader>
  <controlfield tag="005">20170123162330.0</controlfield>
  <datafield tag="010" ind1=" " ind2=" ">
    <subfield code="a">535864</subfield>
  </datafield>
  <datafield tag="020" ind1=" " ind2=" ">
    <subfield code="c">00.00</subfield>
  </datafield>
  <datafield tag="035" ind1=" " ind2=" ">
    <subfield code="a">535864</subfield>
  </datafield>
  <datafield tag="037" ind1=" " ind2=" ">
    <subfield code="b">Cen Lib/Ret</subfield>
  </datafield>
  <datafield tag="040" ind1=" " ind2=" ">
    <subfield code="a">DPL</subfield>
    <subfield code="b">UR</subfield>
  </datafield>
  <datafield tag="082" ind1=" " ind2=" ">
    <subfield code="a">&#x6A9; </subfield>
    <subfield code="b">&#x634; &#x647; &#x628; </subfield>
  </datafield>
  <datafield tag="245" ind1=" " ind2=" ">
    <subfield code="a">&#x661;&#x669;&#x664;&#x667; &#x6A9;&#x6D2; &#x645;&#x646;&#x62A;&#x62E;&#x628; &#x627;&#x641;&#x633;&#x627;&#x646;&#x6D2; /</subfield>
    <subfield code="c">&#x645;&#x631;&#x62A;&#x628;&#x6CC;&#x646; &#x634;&#x6C1;&#x628;&#x627;&#x632; &#x62D;&#x633;&#x646; ]&#x627;&#x648;&#x631;[ &#x628;&#x631;&#x6CC;&#x62D; &#x627;&#x644;&#x632;&#x645;&#x627;&#x646; </subfield>
  </datafield>
  <datafield tag="246" ind1=" " ind2=" ">
    <subfield code="a">1947 ke muntakhab afsane /</subfield>
    <subfield code="b">compiled by Shahbaz Husain [and] Bareeh Alzaman </subfield>
  </datafield>
  <datafield tag="260" ind1=" " ind2=" ">
    <subfield code="b">&#x646;&#x627;&#x632;&#x634; &#x628;&#x6A9; &#x688;&#x6CC;&#x67E;&#x648; </subfield>
    <subfield code="c">1868</subfield>
  </datafield>
  <datafield tag="300" ind1=" " ind2=" ">
    <subfield code="a">176p.</subfield>
    <subfield code="c">18cm(Hb)</subfield>
  </datafield>
  <datafield tag="650" ind1=" " ind2=" ">
    <subfield code="a">&#x627;&#x62F;&#x628; -- &#x627;&#x631;&#x62F;&#x648;         </subfield>
    <subfield code="9">120886</subfield>
  </datafield>
  <datafield tag="650" ind1=" " ind2=" ">
    <subfield code="a">&#x627;&#x631;&#x62F;&#x648; &#x627;&#x641;&#x633;&#x627;&#x646;&#x6D2;  </subfield>
    <subfield code="9">120887</subfield>
  </datafield>
  <datafield tag="650" ind1=" " ind2=" ">
    <subfield code="a">Literature -- Urdu</subfield>
    <subfield code="9">120888</subfield>
  </datafield>
  <datafield tag="650" ind1=" " ind2=" ">
    <subfield code="a">Urdu stories</subfield>
    <subfield code="9">120889</subfield>
  </datafield>
  <datafield tag="700" ind1=" " ind2=" ">
    <subfield code="a">&#x634;&#x6C1;&#x628;&#x627;&#x632; &#x62D;&#x633;&#x646;</subfield>
    <subfield code="9">120890</subfield>
  </datafield>
  <datafield tag="700" ind1=" " ind2=" ">
    <subfield code="a"> &#x628;&#x631;&#x6CC;&#x62D; &#x627;&#x644;&#x632;&#x645;&#x627;&#x646;</subfield>
    <subfield code="9">120891</subfield>
  </datafield>
  <datafield tag="942" ind1=" " ind2=" ">
    <subfield code="2">ddc</subfield>
    <subfield code="c">UR</subfield>
    <subfield code="h">&#x6A9; </subfield>
    <subfield code="m">&#x634; &#x647; &#x628; </subfield>
  </datafield>
  <datafield tag="999" ind1=" " ind2=" ">
    <subfield code="c">107705</subfield>
    <subfield code="d">107705</subfield>
  </datafield>
  <datafield tag="952" ind1=" " ind2=" ">
    <subfield code="0">0</subfield>
    <subfield code="1">0</subfield>
    <subfield code="4">0</subfield>
    <subfield code="7">0</subfield>
    <subfield code="a">L</subfield>
    <subfield code="b">L</subfield>
    <subfield code="d">2016-01-09</subfield>
    <subfield code="e">Cen Lib/Ret</subfield>
    <subfield code="g">0.00</subfield>
    <subfield code="l">0</subfield>
    <subfield code="o">&#x6A9;  &#x634; &#x647; &#x628;</subfield>
    <subfield code="p">535864</subfield>
    <subfield code="r">2016-01-09 00:00:00</subfield>
    <subfield code="t">1</subfield>
    <subfield code="v">0.00</subfield>
    <subfield code="w">2016-01-09</subfield>
    <subfield code="y">UR</subfield>
  </datafield>
</record>
